| 000 | 00427 a2200169 4500 | ||
|---|---|---|---|
| 001 | 161615 | ||
| 020 | _a85-322-2307-9 | ||
| 040 | _cMagnum | ||
| 100 | _aLucena, Martha | ||
| 240 | 1 | 0 |
_aBelo Horizonte - de Curral Del Rei a capital centenĂ¡ria _lpor |
| 245 | 1 | 0 | _aBelo Horizonte - de Curral Del Rei a capital centenĂ¡ria |
| 300 | _a115 | ||
| 362 | 0 | _a1996 | |
| 440 | 1 | _aFTD | |
| 697 | _aGEOGRAFIA DO BRASIL | ||
| 942 | _cBK | ||
| 999 |
_c161615 _d161615 |
||